000 02360nam0a2200397 4500
001 RU\NLR\bibl\560200
005 20260409064130.0
010 _a5-93367-020-0
_bв пер.
_91000
021 _aRU
_b2004-20170
_91026
035 _aRSL-KNO-002420952
035 _a(NLR Aleph) 000552324
090 _a1480357
_c1480357
100 _a20040412d2004 |||y0rusy50 ca
101 0 _arus
102 _aRU
105 _ay |||||||||
106 _ar
200 1 _aВоздушный кодекс и Федеральные авиационные правила Российской Федерации (в области гражданской авиации)
_e[Сборник]
210 _a[М.]
_cАэронавигац. консалтинговое агентство
_d2004
_eОАО "Оригинал"
215 _a703 с.
_cтабл.
_d21
604 _171001$aРоссийская Федерация
_150011$aВоздушный кодекс$2nlr_sh2$3RU\NLR\AUTH\661261620
_aРоссийская Федерация
_tВоздушный кодекс
_92085501
_3RU\NLR\AUTH\661261620
606 0 _aВоздушный кодекс
_yРоссийская Федерация
_92085499
_3RU\NLR\auth\661261618
606 0 _aВоздушный транспорт
_jНормативные и руководящие материалы
_yРоссийская Федерация
_92148768
_3RU\NLR\auth\661294285
606 0 _aВоздушный транспорт
_jНормативные документы
_yРоссийская Федерация
_92148768
_3RU\NLR\auth\661294285
610 0 _aГосудартсво и право. Юридические науки -- Административное право -- Российская Федерация -- Организация управления народным хозяйством -- управление транспортом -- Воздушный транспорт -- Кодекс
686 _aХ621.145.5-324
_2rubbk
686 _aУ37(2)5я8
686 _aХ621.145.5-324.9(2Р)
740 1 _aРоссийская Федерация
_tЗаконы
_iВоздушный кодекс
_3RU\NLR\AUTH\880379502
_9425403
801 0 _aRU
_bRuMoRKP
_c20040412
_gPSBO
801 1 _aRU
_bRuMoRGB
_c20040412
801 2 _aRU
_bNLR
_c20041007
_gPSBO
942 _cBOOK
980 _aNB